00842nam a2200205 a 450000100100000000500170001000800410002704000250006808200150009310000230010824502000013126000350033130000360036650000380040270000320044070000250047204900090049795201130050699900170061900001641820241030114426.0100305s1991 dr ac 000 0 spa d aDO-SdBNPbspacBNPHU axxxbD812m1 aDuarte, Isis9212310aMenores en circunstancias especialmente difíciles en la República Dominicana :binforme de la encuesta MCED-IEPD (septiembre-diciembre,1989) /cIsis Duarte, Camen Julia Gómez, Marina Ariza. aSanto Domingo :bUNICE,c1991. a166 p. :bil.; retrs. ;c27 cm. aIncluye notas al pie de páginas1 aGómez, Carmen Julia920771 aAriza, Marina936597 aBNPD 0010718PDaPDbPDcCTd2010-03-05iLF1l0oxxx D812mp16418-10r2020-06-25w2020-06-25yLFPDZNo se presta c15953d15953